[Event "Turkish Cup 2022"]
[Site "Adapazari TUR"]
[Date "2022.03.25"]
[Round "1.58"]
[White "Zuberoglu, Ibrahim Berk"]
[Black "Muti, Erol"]
[Result "1-0"]
[WhiteElo "1780"]
[BlackElo "1243"]
[PlyCount "31"]
[EventDate "2022.03.25"]
[EventType "swiss"]
[EventRounds "11"]
[EventCountry "TUR"]
[SourceTitle "The Week in Chess 1430"]
[Source "Mark Crowther"]
[SourceDate "2022.04.04"]
[SourceVersion "1"]
[SourceVersionDate "2022.04.04"]
[SourceQuality "2"]

1. e4 e5 2. Nf3 d5 3. Nxe5 Bd6 4. d4 dxe4 5. Nc3 Nf6 6. Bg5 Bf5 7. Bc4 Bxe5 8.
dxe5 Qxd1+ 9. Rxd1 Nfd7 10. Nd5 Na6 11. Bxa6 O-O 12. Ne7+ Kh8 13. Nxf5 Nxe5 14.
Bxb7 Rae8 15. O-O f6 16. Bf4 1-0

[Event "5th Marcel Duchamp Cup"]
[Site "Montevideo URU"]
[Date "2022.02.13"]
[Round "3.24"]
[White "Pichuaga, J."]
[Black "Parma, P."]
[Result "1-0"]
[WhiteElo "2030"]
[BlackElo "1761"]
[PlyCount "83"]
[EventDate "2022.02.12"]
[SourceTitle "The Week in Chess 1423"]
[Source "Mark Crowther"]
[SourceDate "2022.02.14"]
[SourceVersion "2"]
[SourceVersionDate "2022.02.21"]
[SourceQuality "2"]

1. e4 e5 2. Nf3 d5 3. d3 dxe4 4. dxe4 Qxd1+ 5. Kxd1 Nc6 6. Bd3 Bg4 7. c3 O-O-O
8. Kc2 Bc5 9. Ng5 Bh5 10. f3 h6 11. Nh3 Nge7 12. Re1 f5 13. Be3 fxe4 14. Bxe4
Bxe3 15. Rxe3 Nd5 16. Re1 Rhf8 17. Na3 Nf4 18. Nxf4 exf4 19. Bxc6 bxc6 20. Rad1
Rf6 21. Rxd8+ Kxd8 22. Nc4 Bf7 23. Ne5 Bg8 24. c4 Kc8 25. Kc3 Kb7 26. b4 g5 27.
Nd7 Rd6 28. Nc5+ Kc8 29. Re8+ Rd8 30. Re7 Rd1 31. Rg7 Rd8 32. Na6 Re8 33. Rxc7+
Kd8 34. Rxa7 Re3+ 35. Kd4 Be6 36. Nc5 Bf5 37. Rf7 Bb1 38. a4 Re2 39. Nb7+ Ke8
40. Nd6+ Kd8 41. Kc5 Rxg2 42. Kxc6 1-0

[Event "Titled Tuesday 1st Feb A"]
[Site "chess.com INT"]
[Date "2022.02.01"]
[Round "9"]
[White "Tanenbaum, Zachary"]
[Black "Prieto Aranguren, A."]
[Result "1-0"]
[WhiteElo "2148"]
[BlackElo "2256"]
[PlyCount "111"]
[EventDate "2022.02.01"]
[SourceTitle "The Week in Chess 1422"]
[Source "Mark Crowther"]
[SourceDate "2022.02.07"]
[SourceVersion "2"]
[SourceVersionDate "2022.02.08"]
[SourceQuality "2"]

1. e4 e5 2. Nf3 d5 3. exd5 e4 4. Qe2 Nf6 5. Nc3 Be7 6. Nxe4 Nxe4 7. Qxe4 O-O 8.
Bd3 g6 9. O-O Bf6 10. Re1 Qd6 11. Qe2 Nd7 12. Bc4 Nb6 13. d4 Nxd5 14. Bxd5 Qxd5
15. Bh6 Bg7 16. Bxg7 Kxg7 17. Qe5+ Qxe5 18. Nxe5 Be6 19. c4 c6 20. Rad1 Rad8
21. b3 Rfe8 22. h3 f6 23. Nf3 Kf7 24. Kf1 a6 25. Re3 g5 26. Rde1 h5 27. d5 cxd5
28. Nd4 Bc8 29. Rxe8 Rxe8 30. Rxe8 Kxe8 31. c5 Kd8 32. Ke2 Kc7 33. b4 Bd7 34.
Ke3 b6 35. cxb6+ Kxb6 36. f4 h4 37. fxg5 fxg5 38. Nf3 Kb5 39. Nxg5 Kxb4 40. Kd4
Bc6 41. Nf3 Ka3 42. Kc5 Bb7 43. Kb6 Bc8 44. Kc6 Be6 45. Kb6 Kxa2 46. Kxa6 Kb2
47. Kb5 Kc3 48. Kc5 Kd3 49. Kd6 Bf7 50. Ne5+ Ke2 51. Nxf7 Kf2 52. Kxd5 Kxg2 53.
Ng5 Kg3 54. Ke5 Kh2 55. Kf4 Kg2 56. Kg4 1-0

[Event "Titled Tuesday 1st Feb A"]
[Site "chess.com INT"]
[Date "2022.02.01"]
[Round "6"]
[White "Balabayeva, Xeniya"]
[Black "Prieto Aranguren, A."]
[Result "0-1"]
[WhiteElo "2179"]
[BlackElo "2256"]
[PlyCount "88"]
[EventDate "2022.02.01"]
[SourceTitle "The Week in Chess 1422"]
[Source "Mark Crowther"]
[SourceDate "2022.02.07"]
[SourceVersion "2"]
[SourceVersionDate "2022.02.08"]
[SourceQuality "2"]

1. e4 e5 2. Nf3 d5 3. Nxe5 Nf6 4. exd5 Bd6 5. Nf3 O-O 6. Be2 Bg4 7. O-O Nxd5 8.
Nc3 Nf4 9. d4 Nxe2+ 10. Qxe2 Re8 11. Be3 Nd7 12. h3 Bh5 13. Rfe1 Nf8 14. Rad1
Ne6 15. g3 Qf6 16. Kg2 Qg6 17. Qd3 Qf6 18. Nh4 Bxd1 19. Rxd1 Rad8 20. Ne4 Qe7
21. Nf5 Qf8 22. Nexd6 cxd6 23. d5 Nc5 24. Qd4 Re4 25. Qc3 Rc8 26. Bd4 Ne6 27.
Qf3 Rxd4 28. Nxd4 Nxd4 29. Rxd4 Rxc2 30. Qb3 Qc8 31. Re4 g6 32. Qe3 Qc5 33.
Re8+ Kg7 34. Qf4 Qxd5+ 35. Kh2 Qf5 36. Qxf5 gxf5 37. Kg2 Rxb2 38. Re7 a5 39.
Rd7 b5 40. Rxd6 Rxa2 41. Rd5 b4 42. Rxf5 b3 43. Rb5 b2 44. g4 a4 0-1

[Event "Titled Tuesday 1st Feb A"]
[Site "chess.com INT"]
[Date "2022.02.01"]
[Round "5"]
[White "Orozbaev, Eldiar"]
[Black "Moskvin, Anatoly"]
[Result "1-0"]
[WhiteElo "2138"]
[BlackElo "2170"]
[PlyCount "99"]
[EventDate "2022.02.01"]
[SourceTitle "The Week in Chess 1422"]
[Source "Mark Crowther"]
[SourceDate "2022.02.07"]
[SourceVersion "2"]
[SourceVersionDate "2022.02.08"]
[SourceQuality "2"]

1. e4 e5 2. Nf3 d5 3. Nxe5 dxe4 4. d4 Bd6 5. Nc3 Nf6 6. Bg5 Bf5 7. Bc4 O-O 8.
Qe2 Nc6 9. O-O-O h6 10. h4 Be7 11. g4 Nxe5 12. dxe5 Bxg4 13. Rxd8 Bxe2 14.
Rxf8+ Bxf8 15. Bxe2 hxg5 16. exf6 gxf6 17. hxg5 f5 18. Bc4 Kg7 19. Nd5 Bc5 20.
Nf6 Bxf2 21. Kd1 Be3 22. Rh7+ Kg6 23. Rxf7 Bxg5 24. Nd7 Rd8 25. Ke2 b5 26. Ne5+
Kh6 27. Bxb5 f4 28. Rd7 f3+ 29. Kf1 Rxd7 30. Bxd7 Bc1 31. b3 Kg5 32. Bc6 Kf4
33. Ng6+ Ke3 34. Ne7 Kf4 35. Nd5+ Kg3 36. Nc3 e3 37. Ne4+ Kf4 38. Nc3 Bd2 39.
Nd5+ Kg3 40. Bb5 e2+ 41. Bxe2 fxe2+ 42. Kxe2 Ba5 43. b4 Bb6 44. Nxb6 cxb6 45.
Kd3 Kf4 46. Kc4 Ke5 47. Kb5 Kd6 48. Ka6 Kc6 49. Kxa7 Kb5 50. c3 1-0

[Event "Titled Tuesday 1st Feb A"]
[Site "chess.com INT"]
[Date "2022.02.01"]
[Round "3"]
[White "Golizadeh, A."]
[Black "Prieto Aranguren, A."]
[Result "1-0"]
[WhiteElo "2455"]
[BlackElo "2256"]
[PlyCount "79"]
[EventDate "2022.02.01"]
[SourceTitle "The Week in Chess 1422"]
[Source "Mark Crowther"]
[SourceDate "2022.02.07"]
[SourceVersion "2"]
[SourceVersionDate "2022.02.08"]
[SourceQuality "2"]

1. e4 e5 2. Nf3 d5 3. d4 c5 4. Nxe5 Nf6 5. Bb5+ Nbd7 6. Nxd7 Bxd7 7. Bxd7+ Qxd7
8. e5 Qe6 9. O-O Nd7 10. c3 Be7 11. Nd2 O-O 12. Nf3 cxd4 13. cxd4 Rac8 14. Bg5
Bxg5 15. Nxg5 Qg6 16. Nf3 Rfe8 17. Qa4 Nb6 18. Qxa7 Rc7 19. Rfe1 Ra8 20. Qxa8+
Nxa8 21. e6 fxe6 22. a4 Qc2 23. a5 Qxb2 24. h3 Rc2 25. Rab1 Qa2 26. Rxb7 Nc7
27. Ne5 h6 28. Rf1 Qxa5 29. h4 Ne8 30. h5 Kf8 31. Ng6+ Kg8 32. Re7 Qb5 33. Rxe6
Rc7 34. Rfe1 Nf6 35. g4 Kh7 36. Nf8+ Kg8 37. Ng6 Rc8 38. Ne7+ Kf7 39. Nxc8 Nxg4
40. Nd6+ 1-0

[Event "Titled Tuesday 1st Feb A"]
[Site "chess.com INT"]
[Date "2022.02.01"]
[Round "1"]
[White "Rangel, D."]
[Black "Neiksans, A."]
[Result "0-1"]
[WhiteElo "2207"]
[BlackElo "2574"]
[PlyCount "52"]
[EventDate "2022.02.01"]
[SourceTitle "The Week in Chess 1422"]
[Source "Mark Crowther"]
[SourceDate "2022.02.07"]
[SourceVersion "2"]
[SourceVersionDate "2022.02.08"]
[SourceQuality "2"]

1. e4 e5 2. Nf3 d5 3. exd5 Bd6 4. Nc3 Nf6 5. Bb5+ c6 6. dxc6 Nxc6 7. d4 exd4 8.
Nxd4 O-O 9. Nxc6 bxc6 10. Be2 Qc7 11. h4 Re8 12. Kf1 Rb8 13. h5 h6 14. Rb1 Bf5
15. Be3 Rxe3 16. fxe3 Bc5 17. Bd3 Bg4 18. Be2 Rd8 19. Bxg4 Rxd1+ 20. Bxd1 Bxe3
21. Rh3 Qf4+ 22. Bf3 Bb6 23. Rd1 Qe3 24. Ne4 Nxe4 25. Rd8+ Bxd8 26. Bxe4 Qxe4
0-1

[Event "13. LSS WCH P-00002"]
[Site "LSS"]
[Date "2022.01.31"]
[Round "?"]
[White "Cruz Ramirez, Eliecer"]
[Black "Sundqvist, Christer"]
[Result "1/2-1/2"]
[WhiteElo "1815"]
[BlackElo "2225"]
[PlyCount "43"]
[EventDate "2022.01.31"]

1. e4 e5 2. Nf3 d5 3. exd5 Bd6 4. d4 e4 5. Nfd2 f5 6. Nc4 Be7 7. Qh5+ g6 8. Qh3
Nf6 9. Ne5 Nxd5 10. Qb3 c6 11. Nc3 Qb6 12. Nxd5 Qxb3 13. Nc7+ Kd8 14. axb3 Kxc7
15. Nf7 Rf8 16. Bf4+ Kb6 17. Ne5 a6 18. Nc4+ Ka7 19. d5 b5 20. Nd6 Bxd6 21.
Bxd6 Rd8 22. Bf4 1/2-1/2

[Event "TCh-BEL 2021-22"]
[Site "Belgium BEL"]
[Date "2022.01.30"]
[Round "6.6"]
[White "Russo, B."]
[Black "Cocquyt, T."]
[Result "0-1"]
[WhiteElo "1836"]
[BlackElo "2064"]
[PlyCount "104"]
[EventDate "2021.10.24"]
[SourceTitle "The Week in Chess 1422"]
[Source "Mark Crowther"]
[SourceDate "2022.02.07"]
[SourceVersion "2"]
[SourceVersionDate "2022.02.08"]
[SourceQuality "2"]
[WhiteTeam "Montigny-Fontaine 1"]
[BlackTeam "KOSK Oostende 1"]

1. e4 e5 2. Nf3 d5 3. Nxe5 Bd6 4. d4 dxe4 5. Qe2 Nf6 6. Nc3 O-O 7. Bg5 Be7 8.
O-O-O c5 9. Bxf6 Bxf6 10. Qxe4 cxd4 11. Bc4 Qc7 12. Nd5 Qxe5 13. Rhe1 Qxe4 14.
Rxe4 Nc6 15. b4 Bf5 16. Nxf6+ gxf6 17. Rf4 Be6 18. Bxe6 fxe6 19. b5 Ne5 20.
Rfxd4 Rf7 21. f4 Ng6 22. Rd7 Re8 23. g3 Ree7 24. Rd8+ Nf8 25. Ra8 b6 26. Rdd8
Kg7 27. Kb2 e5 28. f5 e4 29. Rd2 Re5 30. c4 Rxf5 31. Re8 Re5 32. Rxe5 fxe5 33.
Re2 Rf3 34. Rxe4 Nd7 35. Rg4+ Kf7 36. Rh4 Nf6 37. a4 Rf2+ 38. Kc3 Rf3+ 39. Kb2
Kg6 40. a5 Nd7 41. axb6 axb6 42. Rg4+ Kf7 43. Rh4 Nf6 44. c5 bxc5 45. b6 Rd3
46. Ra4 Rd6 47. Ra7+ Nd7 48. b7 Rb6+ 49. Kc3 Ke6 50. h4 h5 51. Kc4 Rb4+ 52. Kc3
Kd5 0-1

[Event "Reykjavik Blitz Open 2022"]
[Site "Reykjavik ISL"]
[Date "2022.01.29"]
[Round "10.1"]
[White "Stefansson, H."]
[Black "Gunnarsson, Arn"]
[Result "1-0"]
[WhiteElo "2518"]
[BlackElo "2412"]
[PlyCount "104"]
[EventDate "2022.01.29"]
[EventType "swiss (blitz)"]
[EventRounds "11"]
[EventCountry "ISL"]
[SourceTitle "The Week in Chess 1421"]
[Source "Mark Crowther"]
[SourceDate "2022.01.31"]
[SourceVersion "2"]
[SourceVersionDate "2022.02.01"]
[SourceQuality "2"]

1. e4 e5 2. Nf3 d5 3. exd5 Bd6 4. d4 e4 5. Ne5 Nf6 6. Bg5 O-O 7. Nc3 Bf5 8. Qd2
Nbd7 9. Nxd7 Qxd7 10. Bb5 Qe7 11. Be2 h6 12. Bh4 a6 13. g4 Bg6 14. O-O-O b5 15.
Bg3 Nd7 16. Qe3 Nb6 17. a3 f5 18. gxf5 Bxf5 19. Rhg1 Kh7 20. f3 exf3 21. Qxe7
Bxe7 22. Bxf3 Bxc2 23. Kxc2 Rxf3 24. Bxc7 Nc4 25. Rgf1 Rxf1 26. Rxf1 Ne3+ 27.
Kd3 Nxf1 28. d6 Bd8 29. Nd5 Bh4 30. d7 Ra7 31. Ke4 Nd2+ 32. Kf5 Nc4 33. Ke6 Ne3
34. Bb6 Rxd7 35. Kxd7 Nxd5 36. Bc5 Bf2 37. Kc6 Nf6 38. b4 g5 39. d5 Be1 40. d6
Bc3 41. Kb6 g4 42. Kxa6 h5 43. Bf2 Ne4 44. d7 Bf6 45. Bb6 h4 46. d8=Q Bxd8 47.
Bxd8 g3 48. Bc7 h3 49. Kxb5 Nc3+ 50. Kc6 g2 51. Bb6 Kg6 52. b5 Kf5 1-0

[Event "8th Floripa Open 2022"]
[Site "Florianopolis BRA"]
[Date "2022.01.26"]
[Round "4.57"]
[White "Piccoli, Lucas Fonseca"]
[Black "Maia, Jonathan Cesar"]
[Result "1-0"]
[WhiteElo "2097"]
[BlackElo "1832"]
[PlyCount "123"]
[EventDate "2022.01.24"]
[EventType "swiss"]
[EventRounds "10"]
[EventCountry "BRA"]
[SourceTitle "The Week in Chess 1421"]
[Source "Mark Crowther"]
[SourceDate "2022.01.31"]
[SourceVersion "2"]
[SourceVersionDate "2022.02.01"]
[SourceQuality "2"]

1. e4 e5 2. Nf3 d5 3. Nxe5 Bd6 4. d4 dxe4 5. Nc3 Bxe5 6. dxe5 Qxd1+ 7. Kxd1
Bg4+ 8. Be2 Bxe2+ 9. Kxe2 Nc6 10. Rd1 Nge7 11. Nxe4 Nxe5 12. f4 Nd7 13. b3 f6
14. Ba3 O-O-O 15. Kf3 Rhe8 16. Rd3 b6 17. Rad1 Nc6 18. Rd5 Nf8 19. g4 Rxd5 20.
Rxd5 Ng6 21. Ng3 Nge7 22. Rd1 g6 23. h4 Rd8 24. Rxd8+ Kxd8 25. Ke4 Ke8 26. f5
Kf7 27. fxg6+ Nxg6 28. Nf5 Ke6 29. c3 Nge5 30. Ne3 Nd8 31. Nd5 c6 32. Nf4+ Kf7
33. Kf5 Ng6 34. h5 Nxf4 35. Kxf4 Ke6 36. g5 fxg5+ 37. Kxg5 Nf7+ 38. Kf4 b5 39.
Bc5 a6 40. Be3 Ne5 41. Ke4 Ng4 42. Bg5 Ne5 43. Bf4 Nd7 44. Bg5 Ne5 45. Bd8 Nf7
46. Bc7 Kd7 47. Bf4 Ke6 48. Kd4 Kf5 49. Bc7 Kg5 50. Kc5 Kxh5 51. Kxc6 Kg4 52.
c4 bxc4 53. bxc4 h5 54. c5 h4 55. Kd5 Nh6 56. c6 Nf5 57. Bd6 h3 58. c7 h2 59.
Bxh2 Ne7+ 60. Ke6 Nc8 61. Bd6 Kf3 62. Bc5 1-0

[Event "Titled Tuesday 25th Jan"]
[Site "chess.com INT"]
[Date "2022.01.25"]
[Round "6"]
[White "Postnikov, D."]
[Black "Prieto Aranguren, A."]
[Result "0-1"]
[WhiteElo "2360"]
[BlackElo "2256"]
[PlyCount "66"]
[EventDate "2022.01.25"]
[EventType "swiss (blitz)"]
[EventRounds "11"]
[SourceTitle "The Week in Chess 1421"]
[Source "Mark Crowther"]
[SourceDate "2022.01.31"]
[SourceVersion "2"]
[SourceVersionDate "2022.02.01"]
[SourceQuality "2"]

1. e4 e5 2. Nf3 d5 3. exd5 e4 4. Qe2 Nf6 5. Nc3 Be7 6. Nxe4 O-O 7. d3 Re8 8.
Be3 Nxd5 9. Nc3 Bb4 10. Qd2 Qf6 11. d4 Nc6 12. Bc4 Nf4 13. O-O-O Nxg2 14. Ne5
Nxe5 15. dxe5 Qxe5 16. Bd4 Qf4 17. Rhg1 Qxd2+ 18. Rxd2 Re1+ 19. Rxe1 Nxe1 20.
Re2 Be6 21. Bxe6 Nf3 22. Bxg7 Kxg7 23. Bd5 Nxh2 24. Ne4 c6 25. Bb3 Ng4 26. f3
Ne5 27. Rg2+ Ng6 28. c3 Ba5 29. f4 f5 30. Nd6 Kf6 31. Rg5 Ne7 32. Nxb7 Bc7 33.
Nc5 Bxf4+ 0-1

[Event "8th Floripa Open 2022"]
[Site "Florianopolis BRA"]
[Date "2022.01.25"]
[Round "2.54"]
[White "Moura, E."]
[Black "Maia, Jonathan Cesar"]
[Result "1-0"]
[WhiteElo "2127"]
[BlackElo "1832"]
[PlyCount "53"]
[EventDate "2022.01.24"]
[EventType "swiss"]
[EventRounds "10"]
[EventCountry "BRA"]
[SourceTitle "The Week in Chess 1421"]
[Source "Mark Crowther"]
[SourceDate "2022.01.31"]
[SourceVersion "2"]
[SourceVersionDate "2022.02.01"]
[SourceQuality "2"]

1. e4 e5 2. Nf3 d5 3. exd5 e4 4. Qe2 Nf6 5. Nc3 Be7 6. Nd4 O-O 7. Qc4 c6 8.
dxc6 Nxc6 9. Nxc6 bxc6 10. Be2 Be6 11. Qa4 Rb8 12. O-O Rb4 13. Qxa7 Rd4 14. d3
exd3 15. cxd3 Qd6 16. Be3 Rh4 17. g3 Rb4 18. Ne4 Nxe4 19. dxe4 Rxe4 20. Rfd1
Bd5 21. Bf3 Qe6 22. Rxd5 cxd5 23. Bxe4 dxe4 24. a4 h5 25. a5 h4 26. Rd1 Qc4 27.
Qd7 1-0

[Event "Titled Tuesday 18th Jan"]
[Site "chess.com INT"]
[Date "2022.01.18"]
[Round "11"]
[White "Kraus, To"]
[Black "Ambartsumova, K."]
[Result "1/2-1/2"]
[WhiteElo "2473"]
[BlackElo "2382"]
[PlyCount "112"]
[EventDate "2022.01.18"]
[EventType "swiss (blitz)"]
[EventRounds "11"]
[SourceTitle "The Week in Chess 1420"]
[Source "Mark Crowther"]
[SourceDate "2022.01.24"]
[SourceVersion "3"]
[SourceVersionDate "2022.02.01"]
[SourceQuality "2"]

1. e4 e5 2. Nf3 d5 3. d4 dxe4 4. Nxe5 Bd6 5. Nc4 Be7 6. Be2 Nf6 7. O-O O-O 8.
Bf4 Nc6 9. c3 Bf5 10. Nbd2 Re8 11. a4 Nd5 12. Bg3 Bg5 13. Re1 Qf6 14. Bg4 Bg6
15. Ne3 Nf4 16. Bxf4 Qxf4 17. Bd7 Red8 18. Bxc6 bxc6 19. Nb3 h5 20. Nc5 Qf6 21.
a5 Bf4 22. b4 Qg5 23. Qe2 Re8 24. Ra2 Rad8 25. Rd2 Rd6 26. Rb2 Bf5 27. Nxf5
Qxf5 28. Nxe4 Rde6 29. f3 Qg6 30. Qc4 Kh8 31. Rbe2 f5 32. Nc5 Be3+ 33. Kh1 R6e7
34. Qd3 Qg5 35. c4 f4 36. Ne4 Qh4 37. d5 cxd5 38. cxd5 Re5 39. Rd1 Rd8 40. Qc4
Qe7 41. Rc2 Rd7 42. Rd3 Qd8 43. Rd1 Rexd5 44. Rxd5 Rxd5 45. g4 Rd1+ 46. Kg2
Rg1+ 47. Kh3 hxg4+ 48. fxg4 Qd1 49. Qe6 Qf1+ 50. Kh4 Qe1+ 51. Ng3 Rxg3 52. Qe8+
Kh7 53. Qh5+ Kg8 54. Qe8+ Kh7 55. Qh5+ Kg8 56. Qe8+ Kh7 1/2-1/2

[Event "Titled Tuesday 18th Jan"]
[Site "chess.com INT"]
[Date "2022.01.18"]
[Round "7"]
[White "Soderstrom, Adrian"]
[Black "Prieto Aranguren, A."]
[Result "1/2-1/2"]
[WhiteElo "2262"]
[BlackElo "2256"]
[PlyCount "120"]
[EventDate "2022.01.18"]
[EventType "swiss (blitz)"]
[EventRounds "11"]
[SourceTitle "The Week in Chess 1420"]
[Source "Mark Crowther"]
[SourceDate "2022.01.24"]
[SourceVersion "3"]
[SourceVersionDate "2022.02.01"]
[SourceQuality "2"]

1. e4 e5 2. Nf3 d5 3. exd5 e4 4. Ne5 Qxd5 5. d4 exd3 6. Nxd3 Nf6 7. Nc3 Qc6 8.
Be3 Bd6 9. Ne5 Bxe5 10. Bd4 Bxd4 11. Qxd4 O-O 12. O-O-O Be6 13. g4 Qxh1 14. g5
c5 15. Qh4 Qf3 16. gxf6 Qg4 17. Qxg4 Bxg4 18. Rd3 Nc6 19. Rg3 Bf5 20. fxg7 Rfe8
21. Nd5 Bg6 22. Nf6+ Kxg7 23. Nxe8+ Rxe8 24. Bb5 Re5 25. f4 Re1+ 26. Kd2 Rb1
27. f5 Rxb2 28. Bxc6 bxc6 29. fxg6 hxg6 30. Ra3 f5 31. Rxa7+ Kf6 32. Rc7 f4 33.
Rxc6+ Kg5 34. a4 Rb4 35. a5 Rd4+ 36. Ke2 Rd5 37. Kf3 Rd2 38. Rxc5+ Kh4 39. Kxf4
Rxh2 40. a6 Rf2+ 41. Ke3 Rf7 42. Ra5 Ra7 43. Kf3 g5 44. Kg2 Kg4 45. c4 Kf4 46.
c5 Kf5 47. c6+ Ke6 48. Rc5 Kd6 49. Rc4 Kc7 50. Ra4 Kxc6 51. Kg3 Kb5 52. Re4
Rxa6 53. Re5+ Kc4 54. Rxg5 Kd4 55. Kh4 Ke4 56. Kh5 Kf4 57. Rg4+ Kf5 58. Rg5+
Kf4 59. Rg4+ Kf5 60. Rg5+ Kf4 1/2-1/2

[Event "Titled Tuesday 11th Jan"]
[Site "chess.com INT"]
[Date "2022.01.11"]
[Round "7"]
[White "Rudykh, St"]
[Black "Moskvin, Anatoly"]
[Result "1-0"]
[WhiteElo "2218"]
[BlackElo "2170"]
[PlyCount "25"]
[EventDate "2022.01.11"]
[EventType "swiss (blitz)"]
[EventRounds "11"]
[SourceTitle "The Week in Chess 1419"]
[Source "Mark Crowther"]
[SourceDate "2022.01.17"]
[SourceVersion "1"]
[SourceVersionDate "2022.01.17"]
[SourceQuality "2"]

1. e4 e5 2. Nf3 d5 3. Nxe5 dxe4 4. Bc4 Qg5 5. d4 Qxg2 6. Rf1 Nc6 7. Bxf7+ Kd8
8. Bc4 Nxe5 9. dxe5+ Ke8 10. Qd5 Ne7 11. Qf7+ Kd8 12. Nc3 Bg4 13. Bg5 1-0

[Event "Titled Tuesday 11th Jan"]
[Site "chess.com INT"]
[Date "2022.01.11"]
[Round "1"]
[White "Demin, V1."]
[Black "Gadimbayli, Abdulla"]
[Result "1-0"]
[WhiteElo "2430"]
[BlackElo "2463"]
[PlyCount "151"]
[EventDate "2022.01.11"]
[EventType "swiss (blitz)"]
[EventRounds "11"]
[SourceTitle "The Week in Chess 1419"]
[Source "Mark Crowther"]
[SourceDate "2022.01.17"]
[SourceVersion "1"]
[SourceVersionDate "2022.01.17"]
[SourceQuality "2"]

1. e4 e5 2. Nf3 d5 3. Nxe5 Bd6 4. d4 dxe4 5. Bc4 Bxe5 6. Qh5 Qe7 7. Qxe5 Qxe5
8. dxe5 Nc6 9. Nc3 Bf5 10. Bf4 Nge7 11. Bg3 Ng6 12. Bb5 O-O-O 13. Bxc6 bxc6 14.
e6 Bxe6 15. Nxe4 Bd5 16. f3 f5 17. Nc3 Rhe8+ 18. Kf1 Bc4+ 19. Kg1 Rd2 20. Rc1
h5 21. h4 Bd5 22. Be1 Rd4 23. Bf2 Rb4 24. b3 a6 25. a3 Rf4 26. Kh2 Nxh4 27. Bg3
Rd4 28. Bf2 Nxf3+ 29. gxf3 Rd2 30. Kg2 g5 31. Rxh5 g4 32. Nxd5 Ree2 33. Rf1
cxd5 34. Rxf5 gxf3+ 35. Kxf3 Rxc2 36. Rxd5 Ra2 37. Bc5 Reb2 38. Rd3 Rc2 39. b4
Kb7 40. Re1 Rh2 41. Ke4 Rh4+ 42. Kd5 Rh5+ 43. Re5 Rh7 44. Rde3 Rd2+ 45. Kc4
Rdd7 46. R3e4 Rh1 47. Re7 Rdd1 48. Re3 Rc1+ 49. Rc3 Rcd1 50. Kb3 Rb1+ 51. Kc4
Rh4+ 52. Bd4 Rd1 53. Rd3 Rc1+ 54. Kb3 Rb1+ 55. Kc2 Rf1 56. Be5 Rf2+ 57. Kb3 Rf1
58. Rxc7+ Kb6 59. Re7 Rb1+ 60. Ka4 Rh6 61. Rd6+ Rxd6 62. Bxd6 a5 63. Bc5+ Kc6
64. Kxa5 Ra1 65. Ka4 Rh1 66. Ra7 Rh8 67. Ra6+ Kb7 68. Kb5 Kc7 69. Rb6 Rh3 70.
a4 Ra3 71. a5 Ra2 72. a6 Ra1 73. Rb7+ Kc8 74. Kb6 Rg1 75. Rc7+ Kb8 76. a7+ 1-0

[Event "Cappelle Online Blitz"]
[Site "Europe-Echecs INT"]
[Date "2022.01.09"]
[Round "11"]
[White "Lavanant, A."]
[Black "Dias Huizar, A."]
[Result "0-1"]
[WhiteElo "1955"]
[BlackElo "2409"]
[PlyCount "38"]
[EventDate "2022.01.09"]
[EventType "swiss (blitz)"]
[EventRounds "11"]
[SourceTitle "The Week in Chess 1418"]
[Source "Mark Crowther"]
[SourceDate "2022.01.10"]
[SourceVersion "1"]
[SourceVersionDate "2022.01.10"]
[SourceQuality "2"]

1. e4 e5 2. Nf3 d5 3. Nxe5 Bd6 4. d4 dxe4 5. Nc4 Nc6 6. Nxd6+ cxd6 7. d5 Ne5 8.
Be2 f5 9. Nc3 Nf6 10. Be3 O-O 11. Qd4 Bd7 12. O-O-O Qa5 13. Bf4 b5 14. Bxe5
dxe5 15. Qxe5 b4 16. Nb1 Qxa2 17. d6 Rac8 18. Qd4 a5 19. b3 Rxc2# 0-1

[Event "Cappelle Online Blitz"]
[Site "Europe-Echecs INT"]
[Date "2022.01.09"]
[Round "7"]
[White "Deswarte, S."]
[Black "Navarro Torres, P."]
[Result "0-1"]
[WhiteElo "1716"]
[BlackElo "2130"]
[PlyCount "46"]
[EventDate "2022.01.09"]
[EventType "swiss (blitz)"]
[EventRounds "11"]
[SourceTitle "The Week in Chess 1418"]
[Source "Mark Crowther"]
[SourceDate "2022.01.10"]
[SourceVersion "1"]
[SourceVersionDate "2022.01.10"]
[SourceQuality "2"]

1. e4 e5 2. Nf3 d5 3. Nxe5 Bd6 4. d4 dxe4 5. Be2 Bxe5 6. dxe5 Qxd1+ 7. Bxd1 Nc6
8. Bf4 Nge7 9. c3 Ng6 10. Bg3 Ncxe5 11. Bc2 f5 12. O-O f4 13. Bxe4 fxg3 14.
fxg3 c6 15. Nd2 Bd7 16. Nf3 Nxf3+ 17. gxf3 O-O-O 18. f4 Bh3 19. Rfd1 Bg4 20.
Rd4 c5 21. Rd5 Rxd5 22. Bxd5 Rd8 23. c4 Re8 0-1

[Event "Cappelle Online Blitz"]
[Site "Europe-Echecs INT"]
[Date "2022.01.09"]
[Round "5"]
[White "Bulmaga, I."]
[Black "Navarro Torres, P."]
[Result "1-0"]
[WhiteElo "2390"]
[BlackElo "2130"]
[PlyCount "63"]
[EventDate "2022.01.09"]
[EventType "swiss (blitz)"]
[EventRounds "11"]
[SourceTitle "The Week in Chess 1418"]
[Source "Mark Crowther"]
[SourceDate "2022.01.10"]
[SourceVersion "1"]
[SourceVersionDate "2022.01.10"]
[SourceQuality "2"]

1. e4 e5 2. Nf3 d5 3. d4 dxe4 4. Nxe5 Bd6 5. Nc4 Nf6 6. Nxd6+ Qxd6 7. Be2 O-O
8. O-O Nc6 9. c3 Bf5 10. Bg5 Nd5 11. Na3 Qg6 12. Bh4 Nf4 13. Bg3 Nd3 14. Bxd3
exd3 15. Bxc7 Rfe8 16. Re1 Re4 17. Rxe4 Bxe4 18. Bg3 Re8 19. Nb5 Re6 20. Qd2 h5
21. h4 Bd5 22. Re1 Rxe1+ 23. Qxe1 Bxa2 24. Nd6 Bb3 25. Qe3 Bc2 26. Bf4 Qg4 27.
g3 Bd1 28. Qe8+ Kh7 29. Nxf7 d2 30. Ng5+ Kh6 31. Bxd2 Bf3 32. Nxf3+ 1-0

[Event "Cappelle Online Blitz"]
[Site "Europe-Echecs INT"]
[Date "2022.01.09"]
[Round "1"]
[White "Gaudin, Gauthier"]
[Black "Navarro Torres, P."]
[Result "1-0"]
[WhiteElo "1371"]
[BlackElo "2130"]
[PlyCount "87"]
[EventDate "2022.01.09"]
[EventType "swiss (blitz)"]
[EventRounds "11"]
[SourceTitle "The Week in Chess 1418"]
[Source "Mark Crowther"]
[SourceDate "2022.01.10"]
[SourceVersion "1"]
[SourceVersionDate "2022.01.10"]
[SourceQuality "2"]

1. e4 e5 2. Nf3 d5 3. exd5 Bd6 4. Nc3 Nf6 5. Bb5+ c6 6. dxc6 bxc6 7. Bd3 O-O 8.
O-O Nbd7 9. Re1 Re8 10. Ne4 Nxe4 11. Bxe4 Qc7 12. c3 Nf6 13. h3 Nxe4 14. Rxe4
f5 15. Re1 e4 16. Nd4 Bd7 17. d3 c5 18. Nc2 exd3 19. Rxe8+ Rxe8 20. Qxd3 Bh2+
21. Kh1 Bc6 22. Bd2 Be4 23. Qc4+ Kh8 24. Ne1 Bf4 25. Bxf4 Qxf4 26. Kg1 Qd6 27.
Qe2 Bc6 28. Qc2 Qd5 29. Nf3 h6 30. Re1 Qf7 31. Ne5 Qf6 32. f4 Be4 33. Qd2 Qh4
34. Qf2 Qf6 35. Qg3 Kh7 36. Kh2 Rd8 37. Qe3 g5 38. Qxc5 gxf4 39. Qc7+ Kg8 40.
Qc4+ Bd5 41. Qxf4 Re8 42. c4 Be4 43. Nf3 Rd8 44. Rxe4 1-0